Statistics for Mark Lester Film's

Click here to take the quiz!

General Stats

  • This quiz has been taken 2 times
  • The average score is 2 of 18

Answer Stats

RoleYearAnswer% Correct
Oliver Twist1968Oliver!
100%
Franz Schmidt1975The First Time on the Grass
50%
Prince Edward/Tom Canty1977The Prince and the Pauper
50%
Joe Evans1971Black Beauty
0%
Ziggy1970Eyewitness
0%
Schoolboy (uncredited)1966Fahrenheit 451
0%
Mike Richard1973Little Adventurer
0%
Marcus1972MarcusWhat the Peeper Saw
0%
Daniel Latimer1971Melody
0%
Himself2019Michael Jackson: Chase the Truth
0%
Jiminee1967Our Mother's House
0%
Lennox DuncanRedneck1973Redneck
0%
Philip Ransome1969Run Wild, Run Free
0%
Jamie1973Scalawag
0%
Don Saunders1965Spaceflight IC-1
0%
Davey1970The Boy Who Stole the Elephant
0%
Gerald1964The Counterfeit Constable
0%
Christopher Coombs1971Whoever Slew Auntie Roo?
0%

Score Distribution

Percentile by Number Answered

Percent of People with Each Score

Your Score History

You have not taken this quiz